BigTen Mascots - Statistics

General Stats
  • This quiz has been taken 3 times
  • The average score is 4 of 15
Answer Stats
Picture Hint Answer % Correct
Michigan State Sparty
100%
Ohio State Brutus Buckeye
67%
Wisconsin Bucky Badger
67%
Purdue Purdue Pete
67%
Washington Harry the Husky
33%
Nebraska Herbie Husker
33%
UCLA Joe Bruin
33%
Minnesota Goldy the Gopher
0%
Iowa Herky the Hawk
0%
Penn State Nittany
0%
Oregon Puddles
0%
Rutgers Sir Henry
0%
Maryland Testudo
0%
USC Tommy Trojan
0%
Northwestern Willie the Wildcat
0%
No matching quizzes found
Score Distribution
Percent of People with Each Score
Percentile by Number Answered
Your Score History
You have not taken this quiz